उलझन (Record no. 295426)

MARC details
000 -LEADER
fixed length control field 00749nam a2200253Ia 4500
003 - CONTROL NUMBER IDENTIFIER
control field OSt
005 - DATE AND TIME OF LATEST TRANSACTION
control field 20220923211118.0
008 - FIXED-LENGTH DATA ELEMENTS--GENERAL INFORMATION
fixed length control field 220922b |||||||| |||| 00| 0 hin d
020 ## - INTERNATIONAL STANDARD BOOK NUMBER
International Standard Book Number 8181434862 (hb)
037 ## - SOURCE OF ACQUISITION
Terms of availability Textual
040 ## - CATALOGING SOURCE
Original cataloging agency ARTS
Transcribing agency ARTS
Language of cataloging hin
041 ## - LANGUAGE CODE
Source of code hin
Language code of text/sound track or separate title hin
100 ## - MAIN ENTRY--PERSONAL NAME
Personal name ब्रजमोहन, शकुन्तला
245 #0 - TITLE STATEMENT
Title उलझन
246 ## - VARYING FORM OF TITLE
Title proper/short title Ulazana
260 ## - PUBLICATION, DISTRIBUTION, ETC.
Place of publication, distribution, etc. नई दिल्ली
Name of publisher, distributor, etc. वाणी प्रकाशन
Date of publication, distribution, etc. 2006
300 ## - PHYSICAL DESCRIPTION
Extent 107पृ.
Dimensions cm.
942 ## - ADDED ENTRY ELEMENTS (KOHA)
Classification part O152,3N20x, P6
Koha item type Textual
Source of classification or shelving scheme Colon Classification (CC)
Holdings
Withdrawn status Lost status Damaged status Not for loan Home library Current library Date acquired Total Checkouts Full call number Barcode Date last seen Price effective from Koha item type
        Arts Library Arts Library 2022-09-23   O152,3N20x P6 AL1344906 2022-09-23 2022-09-23 Textual
Copyright @ Delhi University Library System